[Event "Frankfurt Ch 2009"]
[Site "Ffm-Kalbach, LAZ"]
[Date "2009.06.15"]
[Round "5.2"]
[White "Schlamp, Robert"]
[Black "Uwira, Oliver"]
[Result "1-0"]
[WhiteElo "2301"]
[BlackElo "2286"]
[PlyCount "119"]
[EventDate "2009.??.??"]
[WhiteTeam "SV Oberursel"]
[BlackTeam "SC 1961 König Nied"]

1. e4 c5 2. Nf3 Nc6 3. Nc3 Nf6 4. g3 g6 5. Bg2 Bg7 6. O-O O-O 7. d3 d6 8. Nh4
Ne8 9. f4 f5 10. exf5 gxf5 11. Re1 e6 12. Be3 Rb8 13. Rb1 Bd7 14. Ne2 Nf6 15.
Kh1 Ne7 16. Bg1 Bc6 17. Nc3 Qc8 18. Qe2 Bd7 19. Nf3 h6 20. d4 c4 21. a4 Re8 22.
Ra1 a6 23. a5 Ned5 24. Nd2 Nxc3 25. bxc3 b5 26. axb6 Rxb6 27. h3 d5 28. g4 Rb2
29. Nf1 a5 30. Rxa5 Qc7 31. Rea1 Qxf4 32. Be3 Qd6 33. Ra6 Rb6 34. Rxb6 Qxb6 35.
Qd2 fxg4 36. Bxh6 Bxh6 37. Qxh6 Kf7 38. Ne3 gxh3 39. Bf3 Qd8 40. Bh5+ Nxh5 41.
Qxh5+ Ke7 42. Qg5+ Kd6 43. Nxc4+ Kc6 44. Ne5+ Kb6 45. Qd2 Bc6 46. Qd3 Bb7 47.
Kh2 Rf8 48. Rb1+ Ka7 49. Qh7 Qc8 50. Ra1+ Kb6 51. Nd7+ Kc6 52. Ne5+ Kb6 53. Qe7
Rf2+ 54. Kg3 Qxc3+ 55. Kxf2 Qxd4+ 56. Kf3 Qe4+ 57. Kf2 Qxc2+ 58. Kg3 Qc3+ 59.
Kh4 Qxa1 60. Qd6+ 1-0

[Event "Frankfurt Ch 2009"]
[Site "Ffm-Kalbach, LAZ"]
[Date "2009.06.15"]
[Round "5.3"]
[White "Schramm, Christian"]
[Black "Kaliski, Erwin"]
[Result "1/2-1/2"]
[WhiteElo "2307"]
[BlackElo "2231"]
[PlyCount "65"]
[EventDate "2009.??.??"]
[WhiteTeam "SC 1959 Obernau"]
[BlackTeam "SC Bad Nauheim"]

1. Nc3 d5 2. e4 d4 3. Nce2 c5 4. Ng3 e5 5. Bc4 Nc6 6. Nf3 Be7 7. a4 Nf6 8. d3
O-O 9. Ng5 h6 10. Nh3 Qc7 11. O-O Bg4 12. f3 Bxh3 13. gxh3 Nh7 14. f4 exf4 15.
Bxf4 Bd6 16. Bxd6 Qxd6 17. Qg4 Ne5 18. Qxg7+ Kxg7 19. Nf5+ Kg6 20. Nxd6 b6 21.
Bb3 Rad8 22. Nf5 Ng5 23. Bd5 Nxh3+ 24. Kg2 Ng5 25. Rf2 Kh7 26. Rg1 Rg8 27. Kf1
Ngf3 28. Rxg8 Rxg8 29. Ke2 Ng1+ 30. Kf1 Nh3 31. Rg2 Rxg2 32. Kxg2 Ng5 33. Nd6
1/2-1/2

[Event "Frankfurt Ch 2009"]
[Site "Ffm-Kalbach, LAZ"]
[Date "2009.06.15"]
[Round "5.4"]
[White "Syed, Tareq"]
[Black "Reschke, Stefan"]
[Result "0-1"]
[WhiteElo "2118"]
[BlackElo "2375"]
[PlyCount "68"]
[EventDate "2009.??.??"]
[WhiteTeam "SC Brett vor'm Kopp Ffm"]
[BlackTeam "VSG 1880 Offenbach"]

1. e4 g6 2. d3 Bg7 3. f4 c5 4. Nf3 d6 5. Be2 Nc6 6. O-O Nf6 7. Kh1 O-O 8. Qe1
e6 9. Qh4 Ne8 10. Qh3 f5 11. Qg3 b6 12. h4 Nf6 13. Ng5 h6 14. Nh3 fxe4 15. f5
Nd4 16. Bd1 Nxf5 17. Qh2 e5 18. Nc3 Bb7 19. Kg1 exd3 20. cxd3 Nd4 21. Nf2 Qd7
22. Be3 Nd5 23. Nxd5 Bxd5 24. Bg4 Be6 25. Qh3 Nf5 26. Bd2 h5 27. Bd1 d5 28. g4
Nd4 29. Qg3 hxg4 30. Nxg4 Rxf1+ 31. Kxf1 Rf8+ 32. Kg2 Qf7 33. Nh6+ Bxh6 34.
Bxh6 Qf1+ 0-1

[Event "Frankfurt Ch 2009"]
[Site "Ffm-Kalbach, LAZ"]
[Date "2009.06.15"]
[Round "5.6"]
[White "Prudlo, Simon"]
[Black "Dubiel, Jacek"]
[Result "0-1"]
[WhiteElo "2238"]
[BlackElo "2397"]
[PlyCount "56"]
[EventDate "2009.??.??"]
[WhiteTeam "vereinslos"]
[BlackTeam "vereinslos"]

1. e4 c5 2. Nc3 Nc6 3. Nge2 Nf6 4. d4 cxd4 5. Nxd4 e6 6. Ndb5 d6 7. Bf4 e5 8.
Bg5 a6 9. Na3 b5 10. Bxf6 gxf6 11. Nd5 f5 12. c3 Bg7 13. Bd3 Be6 14. O-O O-O
15. Qh5 f4 16. Rad1 Kh8 17. Bc2 Rg8 18. Rd3 Bf8 19. Kh1 Rg6 20. h3 Ra7 21. Bb3
Rh6 22. Qe2 Qg5 23. Nb4 Nxb4 24. cxb4 Bg4 25. Qd2 f5 26. exf5 Rg7 27. Bd5 Bxf5
28. Qe2 Qg6 0-1

[Event "Frankfurt Ch 2009"]
[Site "Ffm-Kalbach, LAZ"]
[Date "2009.06.15"]
[Round "5.7"]
[White "Aadland, Hans Joachim"]
[Black "Janotta, Steffi"]
[Result "0-1"]
[WhiteElo "1493"]
[BlackElo "2027"]
[PlyCount "68"]
[EventDate "2009.??.??"]
[WhiteTeam "SC Bergen-Enkheim 1922"]
[BlackTeam "SC Heusenstamm"]

1. e4 c5 2. Nc3 Nc6 3. Bb5 Nd4 4. Bc4 g6 5. Nf3 Bg7 6. d3 e6 7. O-O a6 8. a4
Ne7 9. Re1 O-O 10. Nxd4 cxd4 11. Ne2 d5 12. exd5 Nxd5 13. Nf4 Nf6 14. Qf3 Rb8
15. Bd2 Bd7 16. Ne2 Bc6 17. Qh3 h5 18. Ng3 Ng4 19. Ne4 Qc7 20. Bb4 Rfd8 21. Ng5
Bd5 22. b3 Be5 23. Bxd5 Rxd5 24. Nf3 Qxc2 25. Nd2 Bxh2+ 26. Kf1 Rf5 27. Re2 Rc8
28. Ba3 Rc3 29. Ne4 Qxd3 30. Nxc3 Rxf2+ 31. Ke1 Bg3 32. Qxg3 Qxg3 33. Nd1 Rxg2+
34. Kd2 Qf4+ 0-1

[Event "Frankfurt Ch 2009"]
[Site "Ffm-Kalbach, LAZ"]
[Date "2009.06.15"]
[Round "5.8"]
[White "Goldt, Rainer"]
[Black "Moranda, Katarzyna"]
[Result "1/2-1/2"]
[WhiteElo "1883"]
[BlackElo "1841"]
[PlyCount "63"]
[EventDate "2009.??.??"]
[WhiteTeam "Kreuznacher SV 1921 e.V."]
[BlackTeam "vereinslos"]

1. e4 e5 2. Bc4 Nc6 3. Nf3 Bc5 4. b4 Bxb4 5. c3 Ba5 6. d4 exd4 7. O-O dxc3 8.
Bg5 f6 9. Bf4 Nge7 10. Qb3 c2 11. Na3 Ng6 12. Bf7+ Kf8 13. Bxg6 hxg6 14. Nc4
Bb6 15. Qxc2 Nd4 16. Nxd4 Bxd4 17. Rad1 g5 18. Bg3 c5 19. Bd6+ Kg8 20. Qb3 Kh7
21. Qh3+ Kg8 22. Qb3 Kh7 23. Qh3+ Kg6 24. Qf5+ Kf7 25. Rxd4 cxd4 26. Ne5+ Kg8
27. Ng6 Rh6 28. Ne7+ Kh8 29. Ng6+ Rxg6 30. Qxg6 Qg8 31. Qh5+ Qh7 32. Qe8+
1/2-1/2

[Event "Frankfurt Ch 2009"]
[Site "Ffm-Kalbach, LAZ"]
[Date "2009.06.15"]
[Round "5.9"]
[White "Wilhelm, Andreas"]
[Black "Fröhlich-Dill, Astrid"]
[Result "0-1"]
[WhiteElo "1541"]
[BlackElo "1976"]
[PlyCount "114"]
[EventDate "2009.??.??"]
[WhiteTeam "SC 1933 Somborn"]
[BlackTeam "SV 1920 Hofheim"]

1. e4 c5 2. Nc3 Nc6 3. g4 e6 4. Bg2 g6 5. d3 Bg7 6. Nge2 d6 7. Be3 Nd4 8. Qd2
Qa5 9. Bxd4 cxd4 10. Nb1 Qb6 11. b3 Bd7 12. Na3 Rc8 13. Nc4 Qc7 14. Qb4 Bf8 15.
e5 dxe5 16. Qxb7 Qxb7 17. Bxb7 Rc7 18. Bg2 Bg7 19. g5 Ne7 20. Nd6+ Kf8 21.
O-O-O Nd5 22. a3 Ke7 23. Nc4 h5 24. h4 f6 25. Kb1 fxg5 26. hxg5 Rf8 27. Be4
Rxf2 28. Rde1 Rxe2 29. Rxe2 Nc3+ 30. Kb2 Nxe2 31. Bxg6 Nf4 32. Bxh5 Nxh5 33.
Rxh5 Be8 34. Rh7 Kd8 35. Nd6 Bg6 36. Rh2 Rd7 37. Ne4 Rf7 38. b4 Ke7 39. Kb3
Bxe4 40. dxe4 Rf4 41. Re2 Rg4 42. Kc4 Kd7 43. a4 Kc7 44. c3 Rxg5 45. Rf2 Rg3
46. Rf7+ Kd8 47. cxd4 exd4 48. Kc5 e5 49. b5 d3 50. Rf1 d2 51. Rd1 Rd3 52. a5
Kc7 53. Kc4 Rd4+ 54. Kc3 Bh6 55. b6+ axb6 56. axb6+ Kxb6 57. Kc2 Rxe4 0-1

[Event "Frankfurt Ch 2009"]
[Site "Ffm-Kalbach, LAZ"]
[Date "2009.06.15"]
[Round "5.10"]
[White "Popp, Matthias"]
[Black "Hanka, Katrin"]
[Result "1/2-1/2"]
[WhiteElo "1591"]
[BlackElo "1269"]
[PlyCount "70"]
[EventDate "2009.??.??"]
[WhiteTeam "SC Bergen-Enkheim 1922"]
[BlackTeam "Bad Vilbeler Sfr.1985"]

1. d4 d5 2. Nf3 c5 3. Bf4 Nc6 4. e3 e6 5. Nbd2 Nf6 6. h3 c4 7. c3 Bd6 8. Ne5
O-O 9. Be2 Bxe5 10. dxe5 Nd7 11. Nf3 f6 12. exf6 Qxf6 13. Qc2 h6 14. g4 g5 15.
Bg3 Nc5 16. O-O-O Ne4 17. h4 b5 18. hxg5 Nxg5 19. Nxg5 Qxg5 20. f4 Qg7 21. Rh5
Qh7 22. Rdh1 Qxc2+ 23. Kxc2 Kf7 24. Rxh6 Bd7 25. g5 Rad8 26. Bh5+ Kg7 27. Bg4
Rh8 28. b3 Ne7 29. Bf2 Nf5 30. Rxh8 Rxh8 31. Rxh8 Kxh8 32. bxc4 bxc4 33. Bxf5
exf5 34. Kb2 Kg7 35. Ka3 a5 1/2-1/2

[Event "Frankfurt Ch 2009"]
[Site "Ffm-Kalbach, LAZ"]
[Date "2009.06.05"]
[Round "5.11"]
[White "Malek, Daniel"]
[Black "Sadeghi, Behrang"]
[Result "0-1"]
[WhiteElo "2313"]
[BlackElo "2283"]
[PlyCount "64"]
[EventDate "2009.??.??"]
[WhiteTeam "SV Oberursel"]
[BlackTeam "Sfr.1891 Friedberg"]

1. d4 d5 2. c4 c6 3. Nf3 Nf6 4. e3 e6 5. b3 Nbd7 6. Bb2 Ne4 7. Bd3 f5 8. O-O
Bd6 9. Qc2 Qf6 10. Nbd2 O-O 11. a3 g5 12. Ne1 Qh6 13. Ndf3 Qf6 14. g3 Rf7 15.
b4 g4 16. Nh4 Nf8 17. Neg2 Ng6 18. b5 Bd7 19. a4 Nxh4 20. Nxh4 Qh6 21. Ba3 Bc7
22. cxd5 exd5 23. bxc6 bxc6 24. Rfb1 Bd8 25. Ng2 Ng5 26. h4 gxh3 27. Nf4 h2+
28. Kg2 Bc7 29. Nxd5 f4 30. Nxf4 Bxf4 31. exf4 h1=Q+ 32. Rxh1 Bh3+ 0-1

[Event "Frankfurt Ch 2009"]
[Site "Ffm-Kalbach, LAZ"]
[Date "2009.05.28"]
[Round "5.12"]
[White "Richter, Tobias"]
[Black "Schwenkreis, Thomas"]
[Result "1-0"]
[WhiteElo "2099"]
[BlackElo "2041"]
[PlyCount "83"]
[EventDate "2009.??.??"]
[WhiteTeam "SV Merseburg e. V."]
[BlackTeam "SV Oberursel"]

1. e4 e5 2. Nf3 Nc6 3. Bc4 Nf6 4. d4 exd4 5. O-O Nxe4 6. Re1 d5 7. Bxd5 Qxd5 8.
Nc3 Qa5 9. Nxe4 Be6 10. Bd2 Qf5 11. Bg5 h6 12. Qd3 Qa5 13. Bh4 Qa6 14. Qd2 Bb4
15. c3 dxc3 16. bxc3 Be7 17. Bxe7 Nxe7 18. Nc5 Qc6 19. Nxe6 fxe6 20. Nd4 Qd7
21. Qe3 Nd5 22. Qxe6+ Qxe6 23. Nxe6 Kf7 24. Rad1 c6 25. c4 Nf6 26. Nc5 b6 27.
Nd7 Rhc8 28. Nxf6 gxf6 29. Rd7+ Kg6 30. h4 Re8 31. Red1 Re4 32. h5+ Kxh5 33.
Rg7 Rg4 34. Rdd7 a5 35. Kh2 Re8 36. f3 Rh4+ 37. Kg1 Rxc4 38. Rd6 Rf8 39. Kh2 b5
40. g3 Re8 41. Kh3 Re3 42. Rxf6 1-0

[Event "Frankfurt Ch 2009"]
[Site "Ffm-Kalbach, LAZ"]
[Date "2009.06.15"]
[Round "5.13"]
[White "Benninger, Rudolf"]
[Black "Zude, Erik"]
[Result "0-1"]
[WhiteElo "2141"]
[BlackElo "2377"]
[PlyCount "102"]
[EventDate "2009.??.??"]
[WhiteTeam "SC Heusenstamm"]
[BlackTeam "SV 1920 Hofheim"]

1. e4 e5 2. Nf3 Nc6 3. Nc3 Nf6 4. d4 exd4 5. Nxd4 Bb4 6. Nxc6 bxc6 7. Bd3 d5 8.
exd5 cxd5 9. O-O O-O 10. Bg5 c6 11. Qf3 Be7 12. Rae1 Re8 13. h3 Be6 14. Ne2 Nd7
15. Bxe7 Qxe7 16. Nd4 Qd6 17. Re2 Nf6 18. Rfe1 c5 19. Nf5 Bxf5 20. Rxe8+ Nxe8
21. Qxf5 Nf6 22. b3 g6 23. Qe5 Qb6 24. Qf4 Re8 25. Rxe8+ Nxe8 26. Qe5 Nf6 27.
g4 h6 28. Kg2 Kf8 29. Kg3 g5 30. f4 c4 31. bxc4 dxc4 32. Bf1 Nd7 33. Qe4 Nf6
34. Qe5 Nd7 35. Qe4 Qg1+ 36. Bg2 Nc5 37. Qxc4 Qe3+ 38. Bf3 Qg1+ 39. Bg2 Ne6 40.
Qc8+ Kg7 41. Qc3+ Kg8 42. fxg5 hxg5 43. Qe5 Kf8 44. Qb8+ Ke7 45. Qb4+ Kf6 46.
Qc3+ Nd4 47. Qd2 Kg6 48. c3 Ne6 49. Qd3+ Kg7 50. Qf1 Qc5 51. Qf3 Qa5 0-1

[Event "Frankfurt Ch 2009"]
[Site "Ffm-Kalbach, LAZ"]
[Date "2009.06.15"]
[Round "5.14"]
[White "Barten, Stephan"]
[Black "Klundt, Klaus"]
[Result "0-1"]
[WhiteElo "1987"]
[BlackElo "2347"]
[PlyCount "54"]
[EventDate "2009.??.??"]
[WhiteTeam "Sfr. Frankfurt 1921"]
[BlackTeam "SF Burgsinn"]

1. d4 Nf6 2. c4 g6 3. Nc3 Bg7 4. e4 O-O 5. Be3 Nc6 6. f3 e5 7. Nge2 d6 8. Qd2
a6 9. d5 Na5 10. Nc1 c5 11. a4 Nh5 12. Be2 Nf4 13. O-O f5 14. Rb1 Qg5 15. g3
Nh3+ 16. Kh1 f4 17. Bf2 fxg3 18. Qxg5 Nxg5 19. Bxg3 Bh3 20. Rf2 Rf7 21. b4 cxb4
22. Rxb4 Raf8 23. Nd3 Nxf3 24. c5 dxc5 25. Nxc5 Nd4 26. Rxf7 Rxf7 27. Rb1 Rc7
0-1

[Event "Frankfurt Ch 2009"]
[Site "Ffm-Kalbach, LAZ"]
[Date "2009.06.15"]
[Round "5.15"]
[White "Solonar, Stefan"]
[Black "Graebner, Walter"]
[Result "1-0"]
[WhiteElo "2371"]
[BlackElo "2053"]
[PlyCount "55"]
[EventDate "2009.??.??"]
[WhiteTeam "SC Heusenstamm"]
[BlackTeam "SC 1961 König Nied"]

1. Nf3 d5 2. g3 Nf6 3. Bg2 c5 4. O-O Nc6 5. d3 g6 6. Nbd2 Bg7 7. e4 O-O 8. Re1
dxe4 9. dxe4 Bg4 10. h3 Bxf3 11. Qxf3 Qc7 12. Qe2 Nd4 13. Qd1 Rad8 14. e5 Nh5
15. c3 Nc6 16. e6 f5 17. Qb3 b6 18. Nf3 Ne5 19. Nxe5 Bxe5 20. Bh6 Bg7 21. Bxg7
Kxg7 22. Rad1 Nf6 23. Qa4 Rd6 24. Rxd6 exd6 25. g4 fxg4 26. hxg4 g5 27. f4 gxf4
28. e7 1-0

[Event "Frankfurt Ch 2009"]
[Site "Ffm-Kalbach, LAZ"]
[Date "2009.06.15"]
[Round "5.16"]
[White "Kolker, Vladislav"]
[Black "Isserman, Ryhor"]
[Result "0-1"]
[WhiteElo "2100"]
[BlackElo "2266"]
[PlyCount "74"]
[EventDate "2009.??.??"]
[WhiteTeam "Sfr.1891 Friedberg"]
[BlackTeam "SK Bad Homburg 1927"]

1. e4 c5 2. Nf3 Nc6 3. d4 cxd4 4. Nxd4 e6 5. Nb3 Nf6 6. Bd3 d5 7. exd5 Nxd5 8.
a3 Qh4 9. O-O Be7 10. Re1 O-O 11. Re4 Qf6 12. c4 Nc7 13. Nc3 e5 14. Nd5 Nxd5
15. cxd5 Nb8 16. Be3 Na6 17. Rc1 Rd8 18. f4 exf4 19. Rxf4 Qh6 20. Re4 Bg5 21.
Bxg5 Qxg5 22. Qf3 Rf8 23. Rce1 g6 24. Re5 Qd8 25. Nd4 Qb6 26. Qf2 Nc5 27. Bc4
Nd7 28. Re7 Nf6 29. Nb5 Qxf2+ 30. Kxf2 Bd7 31. Nd6 b6 32. Nxf7 Rxf7 33. d6 Raf8
34. Rxf7 Rxf7 35. Re7 Be8 36. d7 Nxd7+ 37. Rxf7 Bxf7 0-1

[Event "Frankfurt Ch 2009"]
[Site "Ffm-Kalbach, LAZ"]
[Date "2009.06.15"]
[Round "5.17"]
[White "Göbel, Andreas"]
[Black "Brüggemann, Ludger"]
[Result "1-0"]
[WhiteElo "2047"]
[BlackElo "2211"]
[PlyCount "63"]
[EventDate "2009.??.??"]
[WhiteTeam "SC Brett vor'm Kopp Ffm"]
[BlackTeam "Sfr. Olfen 1975"]

1. c4 Nf6 2. Nc3 g6 3. g3 Bg7 4. Bg2 O-O 5. e4 d6 6. Nge2 e5 7. O-O Nbd7 8. d3
Nh5 9. Be3 f5 10. Qd2 c6 11. Rad1 Qe7 12. exf5 gxf5 13. f4 Ndf6 14. fxe5 dxe5
15. d4 Ng4 16. Bg5 Qe8 17. d5 h6 18. Be3 Nxe3 19. Qxe3 Bd7 20. dxc6 bxc6 21.
Rd6 Rf7 22. Qc5 Bf8 23. Rfd1 Rf6 24. Nb5 Bxd6 25. Rxd6 Rxd6 26. Qxd6 Rb8 27.
Nc7 Qf7 28. Nd5 Rxb2 29. Ne7+ Kg7 30. Qxd7 Kf6 31. Qxf5+ Kxe7 32. Qxe5+ 1-0

[Event "Frankfurt Ch 2009"]
[Site "Ffm-Kalbach, LAZ"]
[Date "2009.06.15"]
[Round "5.18"]
[White "Krüger, Till"]
[Black "Rapoport, Vladimir"]
[Result "0-1"]
[WhiteElo "2063"]
[BlackElo "2296"]
[PlyCount "68"]
[EventDate "2009.??.??"]
[WhiteTeam "SC Nidderau"]
[BlackTeam "SC Heusenstamm"]

1. e4 c5 2. Nc3 Nc6 3. g3 g6 4. Bg2 Bg7 5. d3 d6 6. f4 e6 7. Nge2 Nge7 8. O-O
O-O 9. g4 f5 10. exf5 gxf5 11. gxf5 Nxf5 12. Ng3 Qh4 13. Nce4 Nxg3 14. Nxg3 Ne7
15. c3 Nf5 16. Nxf5 Rxf5 17. Be4 Rh5 18. Qe2 Bd7 19. Bd2 d5 20. Bf3 Rf5 21. Bg4
Rf6 22. Be1 Qh6 23. Bg3 Raf8 24. Rae1 Kh8 25. Qf3 Bc6 26. d4 cxd4 27. cxd4 Qg6
28. Bh5 Qc2 29. Qc3 Qf5 30. Re5 Qh3 31. Rf3 Rf5 32. Bg6 Rxe5 33. fxe5 Rxf3 34.
Qxf3 hxg6 0-1

[Event "Frankfurt Ch 2009"]
[Site "Ffm-Kalbach, LAZ"]
[Date "2009.06.15"]
[Round "5.19"]
[White "Djakow, Alexander"]
[Black "Henrich, Thomas"]
[Result "0-1"]
[WhiteElo "1802"]
[BlackElo "2209"]
[PlyCount "70"]
[EventDate "2009.??.??"]
[WhiteTeam "SC Bad Nauheim"]
[BlackTeam "SK 1858 Gießen"]

1. d4 Nf6 2. c4 e6 3. Nf3 d5 4. e3 Be7 5. Nc3 O-O 6. Bd3 dxc4 7. Bxc4 a6 8. O-O
c5 9. a4 Qc7 10. Qe2 Nc6 11. Bd2 b6 12. Rfc1 Bb7 13. Na2 Ne4 14. Be1 Qd7 15.
Rd1 cxd4 16. exd4 Nf6 17. Nc3 Nb4 18. Ne5 Qe8 19. Rac1 Nbd5 20. Nxd5 Nxd5 21.
Qc2 Rc8 22. Qb3 f6 23. Nd3 Qg6 24. f3 Bd6 25. Bf2 Qh5 26. h3 Qg5 27. h4 Qg6 28.
Nc5 Nf4 29. g4 Bd5 30. Nxe6 Ne2+ 31. Kf1 Nxc1 32. Rxc1 Rxc4 33. Re1 Re8 34.
Qxb6 Qd3+ 35. Kg1 Qxf3 0-1

[Event "Frankfurt Ch 2009"]
[Site "Ffm-Kalbach, LAZ"]
[Date "2009.06.15"]
[Round "5.20"]
[White "Reschke, Thomas"]
[Black "Matthis, Peter"]
[Result "1-0"]
[WhiteElo "2222"]
[BlackElo "1843"]
[PlyCount "43"]
[EventDate "2009.??.??"]
[WhiteTeam "SC Frankfurt-West"]
[BlackTeam "SC Heusenstamm"]

1. c4 e5 2. g3 Nf6 3. Bg2 c6 4. d4 exd4 5. Qxd4 d5 6. Nc3 dxc4 7. Qxc4 Be6 8.
Qa4 Qb6 9. Nf3 Be7 10. O-O O-O 11. Qc2 Na6 12. Ng5 Nb4 13. Qb1 Bg4 14. Be3 Qa5
15. a3 Nbd5 16. Nxd5 cxd5 17. Bd4 g6 18. e4 dxe4 19. Nxe4 Bf5 20. Bxf6 Bxf6 21.
Nxf6+ Kg7 22. Ne4 1-0

[Event "Frankfurt Ch 2009"]
[Site "Ffm-Kalbach, LAZ"]
[Date "2009.06.15"]
[Round "5.21"]
[White "Tews, Artur"]
[Black "Drill, Frank"]
[Result "0-1"]
[WhiteElo "1729"]
[BlackElo "2133"]
[PlyCount "66"]
[EventDate "2009.??.??"]
[WhiteTeam "Bad Vilbeler Sfr.1985"]
[BlackTeam "Sfr.Neuberg"]

1. c4 e5 2. Nc3 Bb4 3. e4 Nc6 4. a3 Bxc3 5. bxc3 d6 6. d4 Nge7 7. Bd3 exd4 8.
cxd4 Nxd4 9. Bb2 c5 10. Bc3 Nec6 11. Ne2 Qf6 12. Rc1 Qg5 13. O-O Bg4 14. f4 Qh5
15. Rf2 O-O 16. h3 Bxe2 17. Bxe2 Qh4 18. Be1 Rfe8 19. Bd3 Re6 20. Kh2 Rae8 21.
g3 Qe7 22. Bc3 g6 23. Qf1 f5 24. exf5 gxf5 25. Qg2 Re3 26. Rd1 Qe6 27. g4 fxg4
28. hxg4 Qh6+ 29. Kg1 Qh3 30. Qd5+ Kh8 31. Bxd4+ Nxd4 32. Qxb7 Rg3+ 33. Rg2
Nf3+ 0-1

[Event "Frankfurt Ch 2009"]
[Site "Ffm-Kalbach, LAZ"]
[Date "2009.06.15"]
[Round "5.22"]
[White "Schreiner, Roland"]
[Black "Fischer, Ulrich"]
[Result "1/2-1/2"]
[WhiteElo "2153"]
[BlackElo "1672"]
[PlyCount "104"]
[EventDate "2009.??.??"]
[WhiteTeam "SC Heusenstamm"]
[BlackTeam "Frankfurter TV 1860"]

1. d4 d5 2. c4 e6 3. Nf3 c5 4. cxd5 exd5 5. Nc3 Nc6 6. e3 Nf6 7. Be2 Bd6 8.
dxc5 Bxc5 9. O-O O-O 10. Nb5 Qb6 11. Nbd4 Nxd4 12. Nxd4 Bxd4 13. Qxd4 Qxd4 14.
exd4 Bf5 15. Bf4 Rfe8 16. Bb5 Nd7 17. Rfe1 Rxe1+ 18. Rxe1 a6 19. Ba4 Nb6 20.
Bd1 Be6 21. b3 Nd7 22. Bd2 Rc8 23. Kf1 Nf6 24. f3 Rc6 25. Re3 Nd7 26. g4 Nf8
27. f4 Bd7 28. Re5 Rh6 29. Kg1 Bc6 30. f5 Rd6 31. Bf3 Rd8 32. Ba5 Rd6 33. Kf2
f6 34. Re7 Rd7 35. Re8 Kf7 36. Rc8 Re7 37. Bb4 Re8 38. Rc7+ Kg8 39. h4 h6 40.
Kg3 Nd7 41. Bxd5+ Bxd5 42. Rxd7 Bc6 43. Re7 Rxe7 44. Bxe7 Kf7 45. Bc5 Be4 46.
Kf4 Bb1 47. d5 Bxa2 48. d6 Ke8 49. b4 Kd7 50. g5 hxg5+ 51. hxg5 Bc4 52. g6 Bb5
1/2-1/2

[Event "Frankfurt Ch 2009"]
[Site "Ffm-Kalbach, LAZ"]
[Date "2009.06.15"]
[Round "5.23"]
[White "Diaz, Joaquin"]
[Black "Rasche, Hannes"]
[Result "1-0"]
[WhiteElo "2162"]
[BlackElo "1993"]
[PlyCount "71"]
[EventDate "2009.??.??"]
[WhiteTeam "SV Griesheim(DA)"]
[BlackTeam "SC Matt im Park Ffm"]

1. e4 e6 2. d4 d5 3. e5 c5 4. c3 Nc6 5. Nf3 f6 6. Bd3 cxd4 7. cxd4 Bb4+ 8. Bd2
f5 9. Nc3 Nge7 10. O-O O-O 11. a3 Ba5 12. Rc1 Bd7 13. b4 Bb6 14. Ne2 a6 15. a4
Qe8 16. Qb3 Nd8 17. b5 a5 18. Rc2 Nf7 19. Nf4 Kh8 20. Rfc1 Bd8 21. Bf1 g5 22.
Nd3 g4 23. Ng5 b6 24. Nxf7+ Rxf7 25. Nf4 Rg7 26. Be2 Rb8 27. Qa3 Nc8 28. h3 h5
29. hxg4 hxg4 30. Qg3 Ne7 31. f3 gxf3 32. Qxf3 Rh7 33. Qa3 Nc8 34. Bh5 Rxh5 35.
Nxh5 Be7 36. Qh3 1-0

[Event "Frankfurt Ch 2009"]
[Site "Ffm-Kalbach, LAZ"]
[Date "2009.06.15"]
[Round "5.24"]
[White "Kosak, Michael"]
[Black "Czikuß, Hans-Joachim"]
[Result "1-0"]
[WhiteElo "2128"]
[BlackElo "1972"]
[PlyCount "117"]
[EventDate "2009.??.??"]
[WhiteTeam "SK 1858 Gießen"]
[BlackTeam "Sfr. Frankfurt 1921"]

1. d4 Nf6 2. c4 e6 3. Nc3 Bb4 4. Qc2 O-O 5. a3 Bxc3+ 6. Qxc3 b6 7. Bg5 Bb7 8.
e3 h6 9. Bh4 d6 10. Ne2 Nbd7 11. Qd3 e5 12. Nc3 exd4 13. Qxd4 Re8 14. Be2 Qe7
15. O-O Qe5 16. Rad1 Qxd4 17. Rxd4 g5 18. Bg3 Nc5 19. Nd5 Nxd5 20. cxd5 Ne4 21.
Rc1 Re7 22. Bf3 Nxg3 23. hxg3 f5 24. Rdc4 g4 25. Rxc7 Rae8 26. Be2 Bxd5 27. Bb5
Rxc7 28. Rxc7 Re5 29. Rxa7 Bxg2 30. Kxg2 Rxb5 31. b4 Rd5 32. Rb7 b5 33. Kf1 Rd3
34. Rxb5 Rxa3 35. Rxf5 Rb3 36. Rf4 h5 37. Ke2 Kg7 38. Kd2 Kg6 39. Kc2 Ra3 40.
Kb2 Ra8 41. Kb3 Kg5 42. Kc4 h4 43. gxh4+ Kxh4 44. f3 Kg3 45. fxg4 Ra3 46. Rd4
Rxe3 47. Rxd6 Kxg4 48. Rf6 Re4+ 49. Kc5 Re1 50. b5 Rc1+ 51. Kb6 Kg5 52. Rf2 Rh1
53. Ka6 Rh6+ 54. b6 Rh1 55. b7 Ra1+ 56. Kb6 Rb1+ 57. Ka7 Ra1+ 58. Kb8 Rc1 59.
Ra2 1-0

[Event "Frankfurt Ch 2009"]
[Site "Ffm-Kalbach, LAZ"]
[Date "2009.06.15"]
[Round "5.25"]
[White "Holzschuh, Gerald"]
[Black "Grass, Ernest"]
[Result "1-0"]
[WhiteElo "2150"]
[BlackElo "1948"]
[PlyCount "63"]
[EventDate "2009.??.??"]
[WhiteTeam "SC Bad Nauheim"]
[BlackTeam "Sfr. Braunfels e.V."]

1. e4 c5 2. c3 d5 3. exd5 Qxd5 4. d4 Nc6 5. Nf3 Nf6 6. Be2 e6 7. O-O Be7 8. Na3
cxd4 9. Nb5 Qd8 10. Nbxd4 Nxd4 11. cxd4 O-O 12. Ne5 Nd5 13. Bd3 f5 14. a3 a6
15. Re1 Bg5 16. b4 Bxc1 17. Rxc1 Rf6 18. Qc2 Bd7 19. Qc5 Be8 20. Be2 b6 21. Qc2
Rh6 22. Bf3 Qh4 23. h3 Qg5 24. Bxd5 exd5 25. Nf3 Qf6 26. Re5 Bg6 27. Qc6 Qf8
28. Qxd5+ Kh8 29. Rc7 Rc8 30. Ree7 Rxc7 31. Rxc7 Bh5 32. Qd7 1-0

[Event "Frankfurt Ch 2009"]
[Site "Ffm-Kalbach, LAZ"]
[Date "2009.06.16"]
[Round "5.26"]
[White "Winand, Edgar"]
[Black "Escher, Helmut"]
[Result "0-1"]
[WhiteElo "2055"]
[BlackElo "2127"]
[PlyCount "116"]
[EventDate "2009.??.??"]
[WhiteTeam "SV Oberursel"]
[BlackTeam "SV Oberursel"]

1. Nf3 d5 2. d4 Nf6 3. e3 Nbd7 4. Bd3 e6 5. b3 Bd6
6. Bb2 c6 7. Qe2 Ne4 8. Nbd2 f5 9. O-O O-O 10. Rad1 Ndf6 11. Ne5 Bd7 12. Nxd7
Qxd7 13. f3 Nxd2 14. Rxd2 Qc7 15. g3 Rae8 16. e4 fxe4 17. fxe4 e5 18. Qg2 dxe4
19. Bxe4 exd4 20. Bd3 c5 21. Qh3 Qd7 22. Qxd7 Nxd7 23. Rxf8+ Bxf8 24. Bc4+ Kh8
25. Bb5 Re7 26. Rf2 Nf6 27. Kg2 a6 28. Bd3 Re1 29. Rf1 Rxf1 30. Kxf1 Bd6 31.
Kg2 h6 32. Bg6 Kg8 33. Kf2 Be5 34. h3 Kf8 35. g4 Ke7 36. Kf3 Kd6 37. h4 b6 38.
g5 hxg5 39. hxg5 Nd5 40. Bc1 b5 41. Bd2 Bh2 42. Ke4 b4 43. Bf7 Nb6 44. Bg8 a5
45. Bf4+ Bxf4 46. Kxf4 Nc8 47. Bf7 Ke7 48. Bc4 Kd6 49. Ke4 Ne7 50. Bf7 Nc8 51.
Bh5 Ne7 52. Bf3 Ng6 53. Bh5 Ne7 54. Kd3 Nd5 55. Bf7 Nc3 56. Bg8 Nxa2 57. Ke4
Nc3+ 58. Kf5 Nd5 0-1

[Event "Frankfurt Ch 2009"]
[Site "Ffm-Kalbach, LAZ"]
[Date "2009.06.15"]
[Round "5.27"]
[White "Czech, Ludwig"]
[Black "Ganjian, Mehrdad"]
[Result "1/2-1/2"]
[WhiteElo "2085"]
[BlackElo "1834"]
[PlyCount "105"]
[EventDate "2009.??.??"]
[WhiteTeam "VSG 1880 Offenbach"]
[BlackTeam "Sfr. Frankfurt 1921"]

1. c4 g5 2. d4 Bg7 3. Nc3 c5 4. d5 h6 5. e4 d6 6. Bd3 Bxc3+ 7. bxc3 Qa5 8. Ne2
Nd7 9. O-O Ne5 10. f4 gxf4 11. Bxf4 Nf6 12. Bxe5 dxe5 13. Bc2 Qc7 14. Ba4+ Bd7
15. d6 Bxa4 16. Qxa4+ Qd7 17. Qxd7+ Kxd7 18. Ng3 Rh7 19. Rad1 Ne8 20. dxe7+
Kxe7 21. Nf5+ Ke6 22. Rd5 b6 23. Rfd1 f6 24. R1d3 h5 25. Kf2 Rc8 26. Kf3 Rcc7
27. Rd8 Ng7 28. R3d6+ Kf7 29. R6d7+ Rxd7 30. Rxd7+ Kg6 31. Ne7+ Kh6 32. Ng8+
Kg6 33. Ne7+ Kh6 34. Rxa7 Ne8 35. Rd7 Rf7 36. Nf5+ Kg6 37. Rd8 Ng7 38. Nh4+ Kg5
39. g3 Ra7 40. Rg8 Kh6 41. Rh8+ Kg5 42. Rg8 Kh6 43. Ke3 Rxa2 44. Rb8 Rb2 45.
Rh8+ Kg5 46. Rg8 Kh6 47. Rf8 Kg5 48. Nf3+ Kg6 49. Nh4+ Kg5 50. Rg8 Kh6 51. Rh8+
Kg5 52. Rg8 Kh6 53. Rh8+ 1/2-1/2